| 000 | 00741pam a2200229 i 4500 | ||
|---|---|---|---|
| 008 | |||
| 020 | _a0574193456(hbk.) | ||
| 049 | _aMAIN | ||
| 090 |
_aT57.6 _bHES |
||
| 100 | 1 | _aHesse, Rick. | |
| 245 | 1 | 0 |
_aApplied management science : _ba quick & dirty approach / _cRick Hesse, Gene Woolsey ; assisted by H. S. Swanson. |
| 260 |
_aChicago : _bScience Research Associates, _cc1980. |
||
| 300 |
_ax, 387 p. : _bill. ; _c28 cm. |
||
| 504 | _aIncludes bibliographical references and index. | ||
| 650 | 0 | _aOperations research. | |
| 700 | 1 | _aWoolsey, Robert E. D. | |
| 907 |
_a.b10065192 _b28-08-12 _c17-04-03 |
||
| 003 | |||
| 005 | 20230123133549.0 | ||
| 040 | _cNUST | ||
| 942 |
_cBOOKS _kT57.6 _mHES |
||
| 999 |
_c150792 _d150792 |
||